In search of J.D. Salinger /

Bibliographic Details
Main Author: Hamilton, Ian, 1938-2001
Format: Book
Language:English
Published: New York : Random House, [1988]
Edition:1st ed.
Subjects:

MARC

Tag First Indicator Second Indicator Subfields
LEADER 00000cam a2200000 a 4500
001 in00000026003
005 20151007055753.0
008 880523s1988 nyu b 00110beng d
010 |a  85025591  
020 |a 0394534689 
035 |a (OCoLC)17989001 
035 |9 AAB9217AM 
040 |a SXP  |c SXP  |d IXA  |d TXA  |d UtOrBLW 
049 |a TXAM  |c [A11532512] 
050 4 |a PS3537.A426  |b Z652 1988 
100 1 |a Hamilton, Ian,  |d 1938-2001. 
245 1 0 |a In search of J.D. Salinger /  |c Ian Hamilton. 
250 |a 1st ed. 
264 1 |a New York :  |b Random House,  |c [1988] 
264 4 |c ©1988 
300 |a 222 pages ;  |c 24 cm. 
336 |a text  |b txt  |2 rdacontent 
337 |a unmediated  |b n  |2 rdamedia 
338 |a volume  |b nc  |2 rdacarrier 
504 |a Bibliography: pages [213]-218. 
500 |a Includes index. 
600 1 0 |a Salinger, J. D.  |q (Jerome David),  |d 1919-2010. 
650 0 |a Authors, American  |y 20th century  |v Biography. 
999 |a MARS 
999 f f |s e94ccde4-3052-3ed6-ae99-4be8d2a93ec4  |i fcbd51a2-7d4b-3e70-8a64-0e4dbc36e44c  |t 0 
952 f f |p ric  |a Texas A&M University  |b Rellis Campus  |c Joint Library Facility  |d Remote Storage  |t 0  |e PS3537.A426 Z652 1988  |h Library of Congress classification  |i unmediated -- volume  |m A14811532512 
998 f f |a PS3537.A426 Z652 1988  |t 0  |l Remote Storage